| 000 | 00653nam a2200253 a 4500 | ||
|---|---|---|---|
| 005 | 20210219152953.0 | ||
| 008 | 991125n 000 0 u | ||
| 035 | _aUPN01000069860 | ||
| 100 | _aHohnson, Richard G. | ||
| 222 | _aSCHOOL COUNSELOR | ||
| 245 | _aCounselor impact on college choice | ||
| 300 | _a84-90 | ||
| 362 | _a39, No. 2, 1991 | ||
| 505 | _aJunio 1992 | ||
| 653 | 0 | _aASESORES | |
| 653 | 0 | _aCONSEJEROS ESCOLARES | |
| 653 | 0 | _aEDUCACION SUPERIOR | |
| 653 | 0 | _aESTUDIANTES | |
| 653 | 0 | _aSELECCION DE COLEGIO | |
| 700 | _aStewart, Norman R. | ||
| 700 | _aEberly, Charles G. | ||
| 904 |
_aAC _b007671 |
||
| 905 | _aArticulo | ||
| 999 |
_c65140 _d65140 |
||